Arquitectura-transdisciplinariedad y participación : metodologías de diseño participativo y reflexión acción recíproca transdisciplinar, aplicadas al proyecto agroecoturismo La Inés, Cooperativa Victoria, Grecia
Збережено в:
| Автор: | |
|---|---|
| Інші автори: | |
| Формат: | Невідомо |
| Мова: | Spanish |
| Опубліковано: |
[San José,Costa Rica]
2016
|
| Предмети: |
DISEÑO URBANO - GRECIA (ALAJUELA, COSTA RICA)
> TRANSDISCIPLINARIEDAD - GRECIA (ALAJUELA, COSTA RICA)
> PARTICIPACION COMUNITARIA - GRECIA (ALAJUELA, COSTA RICA)
> TURISMO ECOLOGICO - GRECIA (ALAJUELA, COSTA RICA)
> DISEÑO ARQUITECTONICO -METODOLOGIA - GRECIA (ALAJUELA, COSTA RICA)
> COOPERATIVA VICTORIA (GRECIA, ALAJUELA, COSTA RICA)
> PROYECTO LA INES (COSTA RICA)
|
| Теги: |
Додати тег
Немає тегів, Будьте першим, хто поставить тег для цього запису!
|
MARC
| LEADER | 00000 a2200000 4500 | ||
|---|---|---|---|
| 003 | EA0146 | ||
| 005 | 20230224114702.0 | ||
| 008 | 140114s2016 cr a 000 ||spa d | ||
| 040 | |c cru CEDI | ||
| 090 | |a TFG EA-146 | ||
| 100 | |a Víquez Salazar, Meliza |9 20265 | ||
| 245 | |a Arquitectura-transdisciplinariedad y participación : metodologías de diseño participativo y reflexión acción recíproca transdisciplinar, aplicadas al proyecto agroecoturismo La Inés, Cooperativa Victoria, Grecia | ||
| 260 | |a [San José,Costa Rica] |c 2016 | ||
| 500 | |a Proyecto de graduación (licenciatura en arquitectura) -- Universidad de Costa Rica. Facultad de Ingeniería. Escuela de Arquitectura | ||
| 501 | |a Directora de Proyecto de Graduación: Mag. Marcela Vargas Rojas, Arq. | ||
| 650 | |x DISEÑO URBANO - GRECIA (ALAJUELA, COSTA RICA) |x TRANSDISCIPLINARIEDAD - GRECIA (ALAJUELA, COSTA RICA) |x PARTICIPACION COMUNITARIA - GRECIA (ALAJUELA, COSTA RICA) |x TURISMO ECOLOGICO - GRECIA (ALAJUELA, COSTA RICA) |x DISEÑO ARQUITECTONICO -METODOLOGIA - GRECIA (ALAJUELA, COSTA RICA) |x COOPERATIVA VICTORIA (GRECIA, ALAJUELA, COSTA RICA) |x PROYECTO LA INES (COSTA RICA) |9 20266 | ||
| 700 | |9 96 |a Vargas Rojas, Marcela, 1984- |d Directora del TFG | ||
| 942 | |c CEDI | ||
| 999 | |c 13167 |d 13167 | ||
